Statystyki dla Kluby piłkarskie z I ligi

Kliknij tutaj aby rozwiązać quiz!

Ogólne statystyki

  • Ten quiz został rozwiązany 60 razy
  • Średni wynik to 9 z 18

Statystyki odpowiedzi

Lp.KlubyLiczba punktów% Poprawnych
1.Podbeskidzie Bielsko-Biała43
81%
3.Stal Mielec41
74%
2.Warta Poznań43
74%
6.Miedź Legnica34
67%
8.GKS Tychy31
66%
4.Radomiak Radom36
66%
9.Zagłębie Sosnowiec29
64%
16.Odra Opole23
57%
18.Chojniczanka Chojnice19
55%
11.Sandecja Nowy Sącz29
52%
12.Stomil Olsztyn29
52%
17.Wigry Suwałki19
48%
7.Olimpia Grudziądz34
41%
13.Chrobry Głogów26
40%
15.GKS Bełchatów25
34%
5.GKS Jastrzębie34
34%
14.Puszcza Niepołomice26
34%
10.Brukt-Bert Termalica Niczecza29
0%

Rozkład punktacji

Percentyl według liczby udzielonych odpowiedzi

Procent ludzi z każdym wynikiem

Twoja historia wyników

Nie rozwiązałeś tego quizu